<?xml version="1.0" encoding="UTF-8"?>
<marc:record xmlns:marc="http://www.loc.gov/MARC21/slim">
   <marc:leader>00000nam a2200000 a 4500</marc:leader>
   <marc:datafield ind1="1" ind2=" " tag="100">
      <marc:subfield code="a">Burkhard, Gedeon</marc:subfield>
   </marc:datafield>
   <marc:datafield ind1="1" ind2=" " tag="100">
      <marc:subfield code="a">Singer, Mike</marc:subfield>
   </marc:datafield>
   <marc:datafield ind1="1" ind2=" " tag="100">
      <marc:subfield code="a">Kavanian, Rick</marc:subfield>
   </marc:datafield>
   <marc:datafield ind1="0" ind2="0" tag="245">
      <marc:subfield code="a">Das Geheimnis von Centopia</marc:subfield>
   </marc:datafield>
   <marc:datafield ind1=" " ind2="1" tag="264">
      <marc:subfield code="b">Constantin Film</marc:subfield>
      <marc:subfield code="c">2022</marc:subfield>
   </marc:datafield>
   <marc:datafield ind1="1" ind2=" " tag="490">
      <marc:subfield code="a">Mia and me</marc:subfield>
   </marc:datafield>
   <marc:datafield ind1="1" ind2=" " tag="520">
      <marc:subfield code="a">Mia, die beliebte Heldin aus der erfolgreichen TV-Serie "Mia and me" schafft nun den Sprung auf die große Leinwand! Als Mia mit ihrem Großvater in das alte Familiensommerhaus zurückkehrt, leuchtet plötzlich der Stein in ihrem magischen Armreif auf - ein Hilferuf aus Centopia! Durch ein funkelndes Portal wird sie in die fantastische Einhornwelt von Centopia hineingezogen. Dort lernt sie das Einhorn Stormy und Iko, einen Elfen von der Lotusinsel, kennen, der dringend ihre Hilfe braucht. Toxor, ein monströser, krötenhafter Bösewicht will die Insel mit dunkler Magie erobern.Mia und ihre Freunde müssen sich zusammenschließen, um Toxor zu besiegen. Ihre Suche nach den Steinen wird zu einem lustigen und aufregenden Roadtrip. Sie fliegen über tückische Meere, erklimmen Berge auf mysteriösen, schwimmenden Atollen und flitzen auf Regenbogenautobahnen dahin. Sie muss eine schwierige Entscheidung zwischen ihrem Leben in der menschlichen Welt und dem Schicksal Centopias treffen. Dabei lernt sie, was es wirklich bedeutet, eine Heldin zu sein. Denn wahre Stärke liegt nicht in der Macht, einen Feind zu besiegen, sondern im Mut, diesen Feind in der Not als Freund zu behandeln.</marc:subfield>
   </marc:datafield>
   <marc:datafield ind1="3" ind2=" " tag="024">
      <marc:subfield code="a">4011976906384</marc:subfield>
   </marc:datafield>
   <marc:datafield ind1=" " ind2=" " tag="041">
      <marc:subfield code="a">ger</marc:subfield>
   </marc:datafield>
   <marc:datafield ind1=" " ind2=" " tag="300">
      <marc:subfield code="a">ca. 82 Minuten</marc:subfield>
   </marc:datafield>
</marc:record>
